Nature parks of Croatia - Statistics

General Stats
  • This quiz has been taken 107 times
  • The average score is 6 of 11
Answer Stats
Year established Nature park % Correct
1967 Kopački rit
80%
1990 Lonjsko polje
72%
1981 Velebit
72%
1981 Medvednica
68%
1999 Papuk
59%
1988 Telašćica
59%
1999 Učka
56%
1981 Biokovo
54%
1999 Vransko jezero
44%
2006 Lastovsko otočje
37%
1999 Žumberak-Samoborsko gorje
16%
No matching quizzes found
Score Distribution
Percent of People with Each Score
Percentile by Number Answered
Your Score History
You have not taken this quiz